[Event "Dortmund"]
[Site "Dortmund"]
[Date "1977.??.??"]
[Round "11"]
[White "Goodman, David SC"]
[Black "Pytel, Krzysztof"]
[Result "1/2-1/2"]
[WhiteElo "2340"]
[BlackElo "2435"]

1.d4 f5 2.Nf3 Nf6 3.g3 g6 4.Bg2 Bg7 5.O-O O-O 6.c4 d6 7.d5 Na6 8.Nc3 Nc5
9.Nd4 a5 10.b3 e5 11.dxe6 c6 12.e3 Qe7 13.Qc2 Bxe6 14.Nxe6 Qxe6 15.Bb2  1/2-1/2